| 000 | 00676nam a22002057a 4500 | ||
|---|---|---|---|
| 003 | OSt | ||
| 005 | 20251205013327.0 | ||
| 008 | 251205b |||||||| |||| 00| 0 eng d | ||
| 020 | _a007-142227-7 | ||
| 040 |
_aDWC-Main lib. _cOC |
||
| 082 | _aCirc. 658.5 D278j 2004 | ||
| 100 | _aDe Feo, Joseph A. | ||
| 245 |
_aJuran's six sigma : _bbreakthrough and beyond/ _cJoseph A. De Feo |
||
| 260 |
_aUSA : _bMcGraw Hill Companies, _cc2004. |
||
| 300 |
_axxvi, 373 pages : _billustrations ; _c24cm. |
||
| 504 | _aIncludes index. | ||
| 650 | _a1. Production management - Statistical methods. | ||
| 650 | _a2. Quality control - Statistical method. | ||
| 942 |
_2ddc _cBK-CIRC _kCirc. _n0 |
||
| 999 |
_c6894 _d6894 |
||